Szent-Györgyi Szegeden
Elmentve itt :
| Szerző: | |
|---|---|
| Dokumentumtípus: | Cikk |
| Megjelent: |
1973-09-30
|
| Sorozat: | Délmagyarország
63 No. 229 |
| Kulcsszavak: | Szent-Györgyi Albert |
| Online Access: | http://dmarchiv.bibl.u-szeged.hu/98580 |
| LEADER | 00452nab a2200157 i 4500 | ||
|---|---|---|---|
| 001 | delm98580 | ||
| 005 | 20190329100711.0 | ||
| 008 | 190329s1973 hu o 0|| hun d | ||
| 040 | |a SZTE Délmagyarország Archívum |b hun | ||
| 041 | |a hun | ||
| 100 | 1 | |a Péter László | |
| 245 | 1 | 0 | |a Szent-Györgyi Szegeden |h [elektronikus dokumentum] / |c Péter László |
| 260 | |c 1973-09-30 | ||
| 300 | |a 6 | ||
| 490 | 0 | |a Délmagyarország |v 63 No. 229 | |
| 695 | |a Szent-Györgyi Albert | ||